000 01320nam a22002177a 4500
999 _c59766
_d59766
003 Ge_BSU
005 20230411151125.0
008 230411s2005 ge ||||| |||| 00| 0 geo d
020 _a9994038974
041 _ageo
080 _a008(479.22) ს-60
100 _aჩიქოვანი, ნინო
_917621
245 _aსაქართველოს კულტურული რაობა და ცივილიზაციური კუთვნილება ცივილიზაციათა თეორიის კონტექსტში :
_bთეორიული და მეთოდოლოგიური ასპექტები /
_cნინო ჩიქოვანი ; რედაქტორი: ნ. ფირცხალავა.
264 _aთბილისი :
_bთბილისის უნივერსიტეტის გამომცემლობა,
_c2005.
300 _a319 გვ.;
_b20 სმ.
500 _aტექსტი ქართულ და რუსულ ენებზე.
653 _aკულტურის ისტორია
653 _aცივილიზაციის ისტორია
700 _aფირცხალავა, ნ.
_eრედაქტორი
_911277
942 _2udc
_cBK